| 000 | 00535nam a2200181 a 4500 | ||
|---|---|---|---|
| 001 | 3536 | ||
| 005 | 20140414132005.0 | ||
| 008 | 060509s19uu xx 00 eng d | ||
| 020 | _a0-07-602731-7 | ||
| 050 |
_aTR 372.4 _bLev.K(Unit3 2005 |
||
| 245 |
_aFinding friends, Unit 3 : _bSRA open court reading, L.K. |
||
| 250 | _aTeacher's Edition | ||
| 260 |
_aColumbus, Ohio : _bSRA/McGraw-Hill, _c2005. |
||
| 300 | _aT291 p. ; cm. | ||
| 440 | _aSRA Open Court Reading, Red | ||
| 650 |
_aReading _xStudy and teaching. |
||
| 999 |
_c113164 _d113164 |
||